[Event "Dimitrovgrad Petrosian Memorial op"]
[Site "Dimitrovgrad"]
[Date "2011.06.26"]
[Round "5"]
[White "Ulanov, Sergei"]
[Black "Pushkin, Sergey V"]
[Result "1-0"]
[WhiteElo "2143"]
[BlackElo "2157"]
[PlyCount "83"]
[EventDate "2011.06.18"]
[EventType "swiss"]
[EventRounds "9"]
[EventCountry "RUS"]
[SourceTitle "EXT 2012"]
[Source "ChessBase"]
[SourceDate "2011.11.24"]
[SourceVersion "1"]
[SourceVersionDate "2011.11.24"]
[SourceQuality "1"]

1. e4 d6 2. d4 g6 3. Nc3 Bg7 4. Be3 Nf6 5. f3 0-0 6. Qd2 Nbd7 7. 0-0-0 c6 8. Bh6 e5 9. Bxg7 Kxg7 10. g4 exd4 11. Qxd4 Ne5 12. Qxd6 Qxd6 13. Rxd6 Be6 14. Be2 Rfd8 15. Rxd8 Rxd8 16. Nh3 h5 17. Nf4 hxg4 18. Nxe6+ fxe6 19. f4 Nf3 20. h3 Nd4 21. Bxg4 Nxg4 22. hxg4 Nf3 23. Rh3 Nd4 24. a4 a5 25. Rd3 c5 26. Nb5 Rf8 27. Nxd4 cxd4 28. Rf3 Rc8 29. Kd2 Rc5 30. Rb3 Rc7 31. Rb5 Rf7 32. f5 Kf6 33. g5+ Kg7 34. f6+ Kf8 35. Rxa5 Ke8 36. Ra8+ Kd7 37. Rg8 e5 38. Rxg6 Ke6 39. Rg7 Rxg7 40. fxg7 Kf7 41. a5 Kxg7 42. b4 1-0

[Event "Dimitrovgrad Petrosian Memorial op"]
[Site "Dimitrovgrad"]
[Date "2011.06.19"]
[Round "2"]
[White "Prihodko, Ilja"]
[Black "Pushkin, Sergey V"]
[Result "1-0"]
[WhiteElo "2119"]
[BlackElo "2157"]
[PlyCount "45"]
[EventDate "2011.06.18"]
[EventType "swiss"]
[EventRounds "9"]
[EventCountry "RUS"]
[SourceTitle "EXT 2012"]
[Source "ChessBase"]
[SourceDate "2011.11.24"]
[SourceVersion "1"]
[SourceVersionDate "2011.11.24"]
[SourceQuality "1"]

1. e4 d6 2. d4 Nf6 3. Nc3 g6 4. f4 Bg7 5. Nf3 0-0 6. Be2 Nbd7 7. 0-0 c5 8. d5 a6 9. a4 Qc7 10. h3 Rb8 11. Be3 c4 12. Ba7 Ra8 13. Bd4 Rb8 14. e5 Nh5 15. exd6 Bxd4+ 16. Nxd4 exd6 17. Bxh5 gxh5 18. Qxh5 Qd8 19. Nf5 Kh8 20. Qh6 Qb6+ 21. Kh1 Rg8 22. Rae1 Qd8 23. Nxd6 1-0

[Event "RUS-ch Seniors"]
[Site "Lesnoj Gorodok"]
[Date "2009.10.06"]
[Round "4"]
[White "Khropov, Boris"]
[Black "Pushkin, Sergey V"]
[Result "1/2-1/2"]
[WhiteElo "2270"]
[BlackElo "2128"]
[PlyCount "78"]
[EventDate "2009.10.03"]
[EventType "swiss"]
[EventRounds "9"]
[EventCountry "RUS"]
[SourceTitle "CBM 132 Extra"]
[Source "ChessBase"]
[SourceDate "2009.11.03"]
[SourceVersion "1"]
[SourceVersionDate "2009.11.03"]
[SourceQuality "1"]

1. d4 d5 2. c4 dxc4 3. e4 e5 4. dxe5 Qxd1+ 5. Kxd1 Nc6 6. Bf4 Be6 7. Nc3 Bc5 8. Bg3 Nge7 9. Nf3 h6 10. Nd2 0-0-0 11. Kc1 Na5 12. Be2 a6 13. Rd1 b5 14. Nf3 g5 15. Rxd8+ Rxd8 16. Kc2 g4 17. Nh4 Nac6 18. Re1 Bd4 19. f4 gxf3 20. Nxf3 b4 21. Na4 b3+ 22. axb3 Nb4+ 23. Kb1 cxb3 24. Rd1 Be3 25. Rxd8+ Kxd8 26. Be1 Nec6 27. Bc3 Kc8 28. Nd2 Bxd2 29. Bxd2 Nd4 30. Bf1 a5 31. Bxh6 Bg4 32. Bc4 Bd1 33. Kc1 Bc2 34. Bxf7 Nd3+ 35. Kd2 Nxe5 36. Bg8 Bxe4 37. Bg7 Bxg2 38. Bxe5 Nf3+ 39. Ke2 Nxe5 1/2-1/2